000 00406 a2200145 4500
005 20250611121401.0
020 _a978-0-273-7798-6
100 _aBROOKSHEAR, J. G
245 _aComputer Science: an Overview
250 _a2nd Ed
260 _aNew York
_bPearson Edcation Limited
_c2013
300 _a623p.: ill; Figure,Table
_bIndex
_c23.5cm
_e24.5 cm
700 _aSMITH, D.T and BRYLOW, D
942 _2ddc
_cBKS
999 _c3754
_d3754